000 00411nam a2200133Ia 4500
008 100328s9999 xx 000 0 und d
082 _b17446
100 _aरंजीत कर्नल
245 _aआाी रात के बाद
260 _bशिक्षा भारती
630 _aआाी रात के बाद
730 _aआाी रात के बाद
942 _cBOOK
999 _c512021
_d512018